When Did You Get Hot - Sabrina Carpenter (Full Lyrics) - Statistics

General Stats
  • This quiz has been taken 20 times
  • The average score is 203 of 228
Answer Stats
Answer % Correct
a
100%
All
100%
all
100%
an
100%
And
100%
and
100%
at
100%
can
100%
Can
100%
did
100%
get
100%
hot
100%
like
100%
mm
100%
My
100%
my
100%
not
100%
on
100%
So
100%
take
100%
Take
100%
that
100%
the
100%
When
100%
you
100%
You
100%
your
100%
Back
93%
back
93%
day
93%
face
93%
had
93%
hand
93%
I
93%
I'm
93%
kid
93%
know
93%
long
93%
man
93%
me
93%
place
93%
remember
93%
Sabrina
93%
sexy
93%
sudden
93%
than
93%
to
93%
triple
93%
Twister
93%
ugly
93%
untouched
93%
up
93%
was
93%
were
93%
with
93%
you're
93%
Baby
86%
baby
86%
Big
86%
Bone
86%
but
86%
car
86%
could
86%
Devin
86%
Sorry
86%
don't
86%
double
86%
down
86%
dry
86%
friends
86%
grow
86%
if
86%
lift
86%
look
86%
naked
86%
plant
86%
Said
86%
see
86%
think
86%
would
86%
bet
79%
bigger
79%
Congratulations
79%
convention
79%
horse
79%
in
79%
it
79%
new
79%
Now
79%
rodeo
79%
direction
71%
fine
71%
has
71%
Huh
71%
improvements
71%
rod's
71%
vision
71%
walk
71%
Zeus'
71%
Bout
64%
coming
64%
light
64%
prospect
64%
risen
64%
time
64%
lord
57%
minute
57%
need
57%
plot
57%
comes
50%
Here
50%
it's
50%
okay
50%
riff
50%
Thank
50%
thickening
50%
mm
36%
Wait
36%
ehmm
14%
No matching quizzes found
Score Distribution
Percent of People with Each Score
Percentile by Number Answered
Your Score History
You have not taken this quiz